LIBRARY ONLINE CATALOGUE

Jurisprudence : (Record no. 8957)

MARC details
000 -LEADER
fixed length control field 00650cam a22002172 4500
001 - CONTROL NUMBER
control field 0000019422
005 - DATE AND TIME OF LATEST TRANSACTION
control field 20151217152154.0
008 - FIXED-LENGTH DATA ELEMENTS--GENERAL INFORMATION
fixed length control field 101115s xx 000 0 eng d
020 ## - INTERNATIONAL STANDARD BOOK NUMBER
International Standard Book Number 1847034458 :
040 ## - CATALOGING SOURCE
Original cataloging agency KABU
Transcribing agency KABU
100 1# - MAIN ENTRY--PERSONAL NAME
Personal name Bix, Brian H.
-- 0000179203
245 10 - TITLE STATEMENT
Title Jurisprudence :
Remainder of title theory and context /
Statement of responsibility, etc. Brian H. Bix.
250 ## - EDITION STATEMENT
Edition statement 5th ed.
260 ## - PUBLICATION, DISTRIBUTION, ETC. (IMPRINT)
Place of publication, distribution, etc. London :
Name of publisher, distributor, etc. Sweet & Maxwell,
Date of publication, distribution, etc. 2009.
300 ## - PHYSICAL DESCRIPTION
Extent xx, 335 p.
650 #0 - SUBJECT ADDED ENTRY--TOPICAL TERM
Topical term or geographic name as entry element Jurisprudence.
-- 0000153282
852 1# - LOCATION
-- p2990 KES
852 1# - LOCATION
-- p2990 KES
908 ## - PUT COMMAND PARAMETER (RLIN)
Put command parameter 101115
950 ## - LOCAL HOLDINGS (RLIN)
-- 1
Holdings
Withdrawn status Lost status Source of classification or shelving scheme Not for loan Home library Current library Date acquired Total Checkouts Full call number Barcode Date last seen Price effective from Koha item type Total Renewals Date last checked out
    Library of Congress Classification   Kabarak, Main Campus Kabarak, Main Campus 17/12/2015   K230 .B59 2009 c. 1 23431 17/12/2015 17/12/2015 General Collection    
    Library of Congress Classification   Kabarak, Main Campus Kabarak, Main Campus 17/12/2015   K230 .B59 2009 c. 2 23430 17/12/2015 17/12/2015 General Collection    
    Library of Congress Classification   Kabarak, Main Campus Kabarak, Main Campus 17/12/2015 9 K230 .B59 2009 c. 3 23132 07/12/2023 17/12/2015 General Collection 1 04/11/2023